| 000 | 00430cam a2200145 4500 | ||
|---|---|---|---|
| 008 | 100128n 000 0 eng u | ||
| 035 | _a(Sirsi) a168287 | ||
| 040 | _aCIP | ||
| 050 | _aLB 2838 SOR 1968 | ||
| 100 | _aSorenson, Carthy | ||
| 245 |
_aTeacher Appraisal:a matching Process/ _cCarthy Sorenson and Cecily Gross |
||
| 260 |
_aLos Angeles: _bUniversity of carlifornia, _c1968 |
||
| 300 | _a20p. | ||
| 700 | _aGross, Cecily | ||
| 999 |
_c113655 _d113655 |
||